Ako vybudovať lovemark?
Situácia na trhu a vytváranie značky, ktorá nebude mať konkurenciu. Ako tvoriť značku krok za krokom. Top značky, ktoré stavili na maximálnu kvalitu a nástroje marketingu.
Salvato in:
| Autore principale: | |
|---|---|
| Natura: | Capitolo di libro |
| Lingua: | slovacco |
| Soggetti: | |
| Tags: |
Nessun Tag, puoi essere il primo ad aggiungerne!!
|
MARC
| LEADER | 00000naa a2200000 4500 | ||
|---|---|---|---|
| 001 | 0200321 | ||
| 005 | 20230912114615.2 | ||
| 041 | 0 | |a slo | |
| 044 | |a SK | ||
| 245 | 1 | 0 | |a Ako vybudovať lovemark? |c Lucia Gašparová |
| 520 | |a Situácia na trhu a vytváranie značky, ktorá nebude mať konkurenciu. Ako tvoriť značku krok za krokom. Top značky, ktoré stavili na maximálnu kvalitu a nástroje marketingu. | ||
| 610 | 2 | 0 | |a marketing manažment |
| 610 | 2 | 0 | |a komunikácia marketingová |
| 610 | 2 | 0 | |a marketing mix |
| 610 | 2 | 0 | |a budovanie značky |
| 610 | 2 | 0 | |a kvalita výrobkov |
| 610 | 2 | 0 | |a značky výrobné |
| 100 | 1 | |a Gašparová, Lucia | |